MARC

LEADER 00000nam0a2200000 4500
001 357566
005 20240222122834.0
035 |a (RuTPU)RU\TPU\retro\14834 
090 |a 357566 
100 |a 20200806d1910 km y0rusy50 ca 
101 0 |a rus 
102 |a RU 
105 |a a z 000zy 
181 0 |b  e  
182 0 |a n 
183 0 |a nc  |2 RDAcarrier 
200 1 |a Кемеровское месторождение каменного угля на р. Томи  |e отчет о разведках  |f В. Н. Мамонтов  |d Gisement de la houille de Kemerowo sur la riv. Tom  |z fre 
210 |a Томск  |c Товарищество "Печатня С. П. Яковлева"  |d 1910 
215 |a 100 с.  |c ил. 
225 1 |a Материалы для изучения полезных ископаемых Алтая 
283 |a volume 
300 |a Текст в русской дореформенной орфографии 
316 |5 63413507: 11708  |a На полях и в тексте многочисленные пометы карандашом 
330 |a Резюме на французском языке 
512 1 |a Кемеровское месторождение каменного угля на р. Томи Алтайского округа ведомства Кабинета Его Величества 
606 1 |a Угольные месторождения  |x Геология  |2 stltpush  |3 (RuTPU)RU\TPU\subj\62689 
610 1 |a каменный уголь 
610 1 |a каменноугольные месторождения 
610 1 |a геологические изыскания 
610 1 |a поиск 
610 1 |a разведка 
610 1 |a Кемеровский район 
610 1 |a Томь 
610 1 |a отчеты 
610 1 |a геологическое описание 
610 1 |a шурфы 
610 1 |a пути сообщения 
610 1 |a технико-экономическое обоснование 
675 |a 553.94  |v 4 
700 1 |a Мамонтов  |b В. Н. 
801 1 |a RU  |b 63413507  |c 20200806 
801 2 |a RU  |b 63413507  |c 20201020  |g RCR 
942 |c BK